| 000 | 01802nam a2200349 a 4500 | ||
|---|---|---|---|
| 001 | 000015388 | ||
| 005 | 20260326113753.0 | ||
| 008 | 100208s2004 dr 001 0 spa d | ||
| 040 |
_aDO-SdBNP _bspa _cBNPHU |
||
| 082 |
_a345.087 _bM385j, 2004 |
||
| 100 | 1 |
_aMartínez Mejía, Modesto Antonio _934758 |
|
| 245 | 1 | 3 |
_aEl juicio en el nuevo proceso penal / _cModesto Martínez ; presentación Damián Olivares Grullón ; prólogo Míriam Germán Brito. |
| 250 | _a2ª ed. | ||
| 260 |
_aSanto Domingo : _bBanco Central, _c2004. |
||
| 300 |
_axxix, 336 p. ; _c23 cm. |
||
| 490 | 1 | _aDerecho Procesal Penal | |
| 500 | _aIncluye datos biográficos del autor en la solapa. | ||
| 504 | _aBibliografía: p. 334-335. | ||
| 505 | 0 |
_gPresentación / _rDamián Olivares Grullón _gPrólogo / _rMíriam Germán Brito -- _gIntroducción -- _tGeneralidades -- _tGarantías procesales que informan el nuevo juicio penal -- _tFase de preparación para el debate -- _tLa vista de la causa -- _tDistintos tipos de sentencia -- _tDivisión del juicio -- _tReflexiones generales -- _tGlosario de términos que introduce el nuevo proceso penal para la etapa del juicio -- _tMarco fotográfico comparativo entre el nuevo y el viejo sistema -- _gBibliografía. |
|
| 590 | _aInventariado,2018/DG | ||
| 650 | 4 |
_aAdministración de justicia penal _zRepública Dominicana _916873 |
|
| 650 | 0 |
_aProcedimiento penal _9554 |
|
| 650 | 0 |
_aDerecho penal _917405 |
|
| 650 | 0 |
_aSentencias _929701 |
|
| 650 | 4 |
_aJurisprudencia penal _929865 |
|
| 650 | 0 |
_aAcción y defensa (Derecho) _917062 |
|
| 650 | 4 |
_aPráctica de juicios _934759 |
|
| 700 | 1 |
_aOlivares Grullón, Damián Olivares _934760 |
|
| 700 | 1 |
_aGermán Brito, Míriam, _epról. _934761 |
|
| 830 | 0 |
_aDerecho Procesal Penal _934762 |
|
| 910 | _aValidado. Control de calidad EMS. | ||
| 999 |
_c14950 _d14950 |
||